Multiple Choice City Quiz – Stockton - Statistics

General Stats
  • This quiz has been taken 19 times
  • The average score is 3 of 10
Answer Stats
Question Answer % Correct
What month does the Stockton Asparagus Festival take place in? April
50%
Stockton is home to the oldest Sikh temple in the US. What is it called? Gurdwara Sahib of Stockton
50%
What arena does the Stockton Kings play at? Adventist Health Arena
43%
Which one of these movies was not filmed in Stockton? Bridesmaids
43%
Robert F. Stockton, the person who Stockton was named after, was the former senator of what US state? New Jersey
29%
What year did Stockton file for bankruptcy? 2012
21%
What animal is on the seal of Stockton? An elk
21%
The Stockton Symphony is the third oldest Californian orchestra. What is the second oldest orchestra from California? The Los Angeles Philharmonic
21%
What is one of Stockton's former names? Tuleburg
14%
What is the closest city to Stockton? Lathrop
7%
No matching quizzes found
Score Distribution
Percent of People with Each Score
Percentile by Number Answered
Your Score History
You have not taken this quiz